[Event "Sharjah FIDE GP (Women)"]
[Site "Sharjah"]
[Date "2014.08.25"]
[Round "1"]
[White "Zhu, Chen"]
[Black "Zhao, Xue"]
[Result "0-1"]
[WhiteElo "2461"]
[BlackElo "2508"]
[Annotator "Ramirez Alvarez,A"]
[PlyCount "136"]
[EventDate "2014.08.25"]
[EventType "tourn"]
[EventRounds "11"]
[EventCountry "UAE"]
[EventCategory "10"]
[SourceTitle "CBM 162"]
[Source "ChessBase"]
[SourceDate "2014.09.17"]
[SourceVersion "1"]
[SourceVersionDate "2014.09.17"]
[SourceQuality "1"]

{In an aproximately equal position Zhu Chen decided to sacrifice a pawn for
some positional compensation, and she eventually regained the pawn though the
game remained equal. However when the time came for Zhu Chen to simplify into
a drawn endgame, she missed her chance and instead lost a pawn. Zhao Xue
gradually conveted her material advantage with superior play.} 1. d4 Nf6 2. c4
e6 3. Nf3 b6 4. g3 Ba6 5. Qc2 Bb4+ 6. Bd2 Bxd2+ 7. Nbxd2 d5 8. cxd5 exd5 9. e3
O-O 10. Bxa6 Nxa6 11. Qa4 Qc8 12. O-O c5 13. Rfc1 Qb7 14. Qd1 Rac8 15. b3 Nb4
16. Qe2 cxd4 17. Nxd4 Rxc1+ 18. Rxc1 Nxa2 19. Ra1 Nc3 20. Qa6 Qxa6 21. Rxa6 Ra8
22. Nc6 Nb5 23. Nf3 Ne8 24. Ne7+ Kf8 25. Nxd5 Rd8 26. Nb4 Rc8 27. Nd5 Rc1+ 28.
Kg2 Rb1 29. Nd4 Ned6 30. Nxb5 Nxb5 31. b4 $2 (31. Nb4 $1 Rxb3 32. Nc6 $11)
31... Rd1 32. e4 Rd4 33. f3 f5 34. Nf4 Rd2+ 35. Kh3 fxe4 36. fxe4 Kf7 37. Nd5
Ke6 38. Ra1 Ke5 39. Ne7 Rd7 40. Nc6+ Kxe4 41. Nb8 Rc7 42. Rf1 Kd5 43. Na6 Re7
44. Rc1 Kd6 45. Rc4 Re8 46. Rg4 g6 47. Rh4 Re7 48. Rc4 Re3 49. Kg4 Ra3 50. Nb8
Rc3 51. Rf4 Kc7 52. Rf8 Nd4 53. Rh8 a5 54. bxa5 bxa5 55. Kf4 Nc2 56. Nd7 Kxd7
57. Rxh7+ Kc6 58. Kg5 Kb5 59. Rb7+ Ka6 60. Rb2 Rc6 61. g4 Nd4 62. Kh6 Nf3 63.
Rf2 g5+ 64. Kh5 Rf6 65. Ra2 Rf4 66. h3 a4 67. h4 gxh4 68. g5 h3 0-1

[Event "Groningen m1"]
[Site "Groningen"]
[Date "2013.12.29"]
[Round "4"]
[White "Karpov, Anatoly"]
[Black "Timman, Jan H"]
[Result "1-0"]
[WhiteElo "2619"]
[BlackElo "2600"]
[Annotator "Ramirez Alvarez,A"]
[PlyCount "81"]
[EventDate "2013.12.26"]
[EventType "match"]
[EventRounds "4"]
[EventCountry "NED"]
[SourceTitle "CBM 158 Extra"]
[Source "ChessBase"]
[SourceDate "2014.02.28"]
[SourceVersion "1"]
[SourceVersionDate "2014.02.28"]
[SourceQuality "1"]

{The fourth and final game was the only decisive round of the match.} 1. d4 Nf6
2. c4 e6 3. Nf3 b6 4. g3 Ba6 5. b3 b5 (5... Bb4+ {is the more popular
variation, but b5 has never been truly refuted.}) 6. cxb5 Bxb5 7. Bg2 Bb4+ 8.
Bd2 a5 9. a3 {A relatively unknown move. The players are on their own now.
White has some pluses, such as his slight development and space advantage, but
Black has his own counterchances: good light square control and a solid pawn
structure.} Bxd2+ 10. Qxd2 Bc6 11. O-O Qc8 12. Qc2 Qb7 13. Nbd2 O-O 14. Rfc1
Ra7 15. Ra2 Bd5 16. Rb2 d6 17. Ne1 Bxg2 18. Nxg2 Nbd7 19. Qc6 {Karpov has
played this in the manner for which he was always known: slow and steady,
always improving his positional advantages and step by step drilling his
opponent in.} Rb8 20. Rbc2 h6 $2 {This makes his opponent's task much easier.}
(20... Qxc6 21. Rxc6 Rbb7 {favors White, but at least material equality still
remains.}) 21. Qxc7 Qa6 22. Qc4 Qxc4 23. Rxc4 Nb6 24. Rc6 Ne8 25. e4 {White's
positional advantages and extra pawn give him a decisive advantage. Karpov
simply does not forgive such a big lead.} Kf8 26. Ne3 Ke7 27. d5 Kd7 28. dxe6+
fxe6 29. e5 d5 30. R6c5 Kd8 31. f4 Nd7 32. Rc6 Nc7 33. a4 Rb6 34. Rxb6 Nxb6 35.
Rc6 Nd7 36. Nf3 Nb8 37. Nd4 $1 Kd7 38. Rb6 Nba6 39. f5 {The final breakthrough.
Notice how Karpov never let Timman had the slightest counterplay or the
slightest piece activity throughout the game. The rest is straightforward.} Nc5
40. fxe6+ N5xe6 41. Rd6+ 1-0

[Event "IND-ch 51st"]
[Site "Jalgaon"]
[Date "2013.12.26"]
[Round "9"]
[White "Adhiban, Baskaran"]
[Black "Sasikiran, Krishnan"]
[Result "1-0"]
[WhiteElo "2569"]
[BlackElo "2666"]
[Annotator "Ramirez Alvarez,A"]
[PlyCount "73"]
[EventDate "2013.12.17"]
[EventType "tourn"]
[EventRounds "13"]
[EventCountry "IND"]
[EventCategory "10"]
[SourceTitle "CBM 158 Extra"]
[Source "ChessBase"]
[SourceDate "2014.02.28"]
[SourceVersion "1"]
[SourceVersionDate "2014.02.28"]
[SourceQuality "1"]

1. d4 Nf6 2. c4 e6 3. Nf3 b6 4. g3 Ba6 5. Qb3 Nc6 6. Nbd2 Bb7 7. e4 d5 8. cxd5
exd5 9. e5 Ne4 10. Bg2 $5 {Notably, this is novelty. Adhiban believes in the
power of the fianchettoed bishop despite the fact that most strong
grandmasters like to place this piece on d3.} Be7 11. O-O O-O 12. Re1 {Even
though White didn't apply direct pressure on e4 with the bishop, it becomes
hard for Sasikirian to support his knight on that square. In the case of f5,
as happened in the game, the bishop will be better placed on g2 than on b3 as
it is hitting the vulnerable d5 pawn.} f5 13. exf6 Nxf6 14. Nb1 $1 {A
beautiful regrouping. The knight will proceed to c3 and pressure d5. It is
more harmonious to put it there than on e3 (via f1) since on that square it
would block out the bishop on c1.} Ng4 15. Nc3 (15. Qd1 {was more accurate to
prevent the following complications.}) 15... Rxf3 $1 {Sasikirian sees his
chance to complicate matters and doesn't think twice about doing it.} 16. Bxf3
Nxd4 17. Qd1 Nxf3+ 18. Qxf3 Nf6 {Black has some compensation for the exchange.
He has a pawn and White's light squares have been weakened. However it is
obvious that only White can be better.} (18... Qd7 $1 {Was a much better move,
keeping important threats alive such as Rf8. Sasikirian might have missed the
following:} 19. Nxd5 $1 (19. Rxe7 $2 Qxe7 20. Qxg4 Qe1+ 21. Kg2 d4+ $19) 19...
Bc5 $1 20. Nf6+ $1 gxf6 21. Qxb7 Rd8 {It seems as if Black is running out of
steam, but the truth is that it is particularly hard to defend the f2 square.}
22. Be3 Bxe3 23. fxe3 Qd2 24. Qg2 Qxg2+ 25. Kxg2 Rd2+ 26. Kf3 Ne5+ 27. Ke4 Rxb2
$11 {should not be dangerous for Black.}) 19. Bg5 Qd7 20. Rad1 c6 (20... c5 {
was an important move. Black prepares d4, the move played in the game is
simply too passive.}) 21. Qe2 Bd8 22. b4 h6 23. Bxf6 Bxf6 24. Ne4 $1 {A good
resource. Black will now lose the pair of bishops.} Bd8 25. Nd6 {The point of
White's maneuvers.} Qxd6 26. Qe8+ Kh7 (26... Qf8 27. Qd7 {threatens both the
bishop on b7 and Re8.}) 27. Re6 Bf6 {The only move not to lose instantly.} 28.
Qxa8 Qxe6 29. Qxb7 {With the dusut settled it is hard for Black to maintain
his pawns alive. His only hope is to create quick counterplay.} Qe2 $6 (29...
d4 $1 30. Rc1 d3 31. Qxc6 Qe2 {would have left White's win far from being
trivial.}) 30. Rf1 Qc4 31. Qxa7 Qxb4 32. Qd7 Qc3 33. Qf5+ g6 34. Qb1 Bd4 35.
Re1 {Black's king is too weak for Black to create sufficient counterplay. The
rest is a mop up.} Kg7 36. Re6 Bf6 37. Qxb6 {A very instructive game.} 1-0

[Event "Interzonal-14a"]
[Site "Subotica"]
[Date "1987.??.??"]
[Round "7"]
[White "Ribli, Zoltan"]
[Black "Rodriguez Cespedes, Amador"]
[Result "1/2-1/2"]
[WhiteElo "2580"]
[BlackElo "2495"]
[Annotator "Rodriguez,Am"]
[PlyCount "80"]
[EventDate "1987.06.??"]
[EventType "tourn"]
[EventRounds "17"]
[EventCountry "YUG"]
[EventCategory "11"]
[SourceTitle "CBM 003"]
[Source "ChessBase"]
[SourceDate "1988.04.01"]
[SourceVersion "1"]
[SourceVersionDate "1988.04.01"]
[SourceQuality "1"]

1. Nf3 Nf6 2. c4 b6 3. d4 e6 4. g3 Ba6 5. Qa4 c5 6. Bg2 Bb7 7. dxc5 bxc5 8. O-O
Be7 9. Nc3 O-O 10. Bf4 d6 11. Rfd1 Qb6 12. Rd2 Rd8 13. Rad1 Ne8 $1 (13... a6
14. Ng5 $14) 14. Nb5 (14. Ng5 Bxg2 15. Kxg2 h6 $5 (15... Nd7 {/\ Ndf6}) 16.
Nge4 f5) (14. Bg5 Nc6 $10) 14... Na6 15. Qc2 h6 16. h3 $2 (16. Nc3 $10) 16...
d5 $1 $17 17. g4 (17. Ne5 d4 {>< Bf4}) 17... Nb4 18. Qb1 dxc4 19. Rxd8 Rxd8 20.
Rxd8 Bxd8 21. Na3 $8 Bf6 {/\ Qa6!-/+} 22. Nxc4 Qa6 23. Nfd2 $1 Bxg2 24. Kxg2
Qxa2 $2 (24... Nxa2 25. Qe4 Qc8 {/\ Nb4, Be7-/+}) 25. Qxa2 Nxa2 26. Nb3 Be7 27.
Bb8 a6 28. Ba7 $10 Nb4 29. Bxc5 Bxc5 30. Nxc5 Kf8 31. Kf3 Ke7 32. Ke3 Nd6 33.
Ne5 Nb5 34. Ned3 Nd5+ 35. Kd2 Ndc7 36. Nb4 a5 37. Nc2 Nd5 38. e3 Nb6 39. b3 f5
40. f4 g5 1/2-1/2

[Event "Sydney Mercantile"]
[Site "Sydney"]
[Date "1991.??.??"]
[Round "8"]
[White "Ftacnik, Lubomir"]
[Black "Gedevanishvili, Dmitry"]
[Result "1-0"]
[WhiteElo "2590"]
[BlackElo "2400"]
[Annotator "Rogers,I"]
[PlyCount "81"]
[EventDate "1991.04.??"]
[EventType "tourn"]
[EventRounds "9"]
[EventCountry "AUS"]
[EventCategory "10"]
[SourceTitle "CBM 023"]
[Source "ChessBase"]
[SourceDate "1991.08.01"]
[SourceVersion "1"]
[SourceVersionDate "1991.08.01"]
[SourceQuality "1"]

1. d4 e6 2. Nf3 Nf6 3. c4 b6 4. g3 Ba6 5. Nbd2 Bb4 6. Qc2 Bb7 7. Bg2 c5 8. dxc5
Bxc5 9. a3 O-O 10. O-O Be7 11. b4 d6 {Gedevanishvili was probably not unhappy
with his position here; his prickly 'hedgehog' pawn structure tends to stop
White from exploiting his space advantage by taking away outposts on the fifth
rank.} 12. Bb2 Qc7 13. Rac1 Nbd7 14. Qb3 Rac8 $6 15. Nd4 Bxg2 16. Kxg2 a6 $6
17. f4 $1 Rfe8 18. Qf3 g6 19. b5 $1 a5 20. Nc6 Bf8 21. e4 {Ftacnik has handled
the position with great virtuosity, gaining many squares for his pieces, and
after Gedevanishvili's next move is he able to make the decisive beakthrough.}
e5 {Those who have seen Ivanchuk's defeat of World Champion Kasparov from
Linares a month earlier will not be too surprised by White's next move. The
theme is rather similar - White is happy to ditch a pawn to clear the c4
square for his knight. In both cases the material gain for Black is only
temporary.} 22. c5 $3 bxc5 {Other captures lose the e5 pawn.} 23. fxe5 dxe5 24.
Nc4 Bg7 25. Bc3 Re6 26. Bxa5 Qb7 27. Nd8 $1 Rxd8 28. Bxd8 {White now has a
slow but sure win on material with rook for knight.} Qxb5 29. Qd3 h5 30. Rb1
Qa6 31. Rfe1 h4 32. Rb3 Qc6 33. Bxf6 Nxf6 34. Rb6 Qc8 35. Rxe6 Qxe6 36. a4 Bh6
37. a5 Nh5 38. Qd5 Qg4 39. Qxf7+ $1 Kh8 40. Nxe5 Nf4+ 41. Qxf4 $1 {An
impressive display by the tournament winner.} 1-0

[Event "EU-Cup 19th"]
[Site "Rethymno"]
[Date "2003.09.28"]
[Round "1.2"]
[White "Roiz, Michael"]
[Black "Nyysti, Sampsa"]
[Result "1-0"]
[WhiteElo "2554"]
[BlackElo "2399"]
[Annotator "Roiz,M"]
[PlyCount "49"]
[EventDate "2003.09.28"]
[EventType "team-swiss"]
[EventRounds "7"]
[EventCountry "GRE"]
[SourceTitle "CBM 098"]
[Source "ChessBase"]
[SourceDate "2004.02.03"]
[SourceVersion "1"]
[SourceVersionDate "2004.02.03"]
[SourceQuality "1"]
[WhiteTeam "Beer Sheva"]
[BlackTeam "Joensuu"]
[WhiteTeamCountry "ISR"]
[BlackTeamCountry "FIN"]

1. Nf3 {[%mdl 2064]} Nf6 2. d4 e6 3. c4 b6 4. g3 Ba6 5. Nbd2 Bb7 6. Bg2 c5 ({
the most solid here is:} 6... d5 7. O-O Be7 ({or} 7... Bd6)) 7. e4 cxd4 8. O-O
d6 9. Nxd4 Nbd7 ({another possibilities are:} 9... Qd7 10. b3 ({also promising
is:} 10. a4 Nc6 (10... Na6 11. a5 Be7 12. axb6 axb6 13. b3 O-O 14. Bb2 Nb4 15.
Qe2 Rxa1 16. Rxa1 Ra8 17. Rxa8+ Bxa8 18. Ba3 Nc6 19. Nb5 $14 {1-0 Zoler,
D-Tunik,G/Israel 1999/EXT 2000 (55)}) 11. Nxc6 Bxc6 12. b4 Be7 13. b5 Bb7 14.
a5 Rb8 15. axb6 axb6 16. Ra7 $36 {1-0 Tregubov,P-Solozhenkin,E/Paris 1999/EXT
2000 (33)}) 10... Be7 11. Bb2 Nc6 12. Nc2 O-O 13. f4 Rfd8 14. Qe2 Rac8 15. Rad1
Qc7 16. Ne3 $14 {1-0 Rogozenko,D-Charbonneau,P/Internet 2001/EXT 2003 (28)}) (
9... a6 10. a4 {that is a typical plan for white in that type of positions!}
Nbd7 11. Re1 Rb8 12. a5 Be7 13. axb6 Qxb6 14. N2b3 O-O 15. Na5 Ba8 16. b4 Rfc8
17. Ba3 $14 {1-0 Zivanic,M-Pikula,D/Budva 2002/EXT 2003 (43)}) 10. Re1 Qc7 {
Black cannot do without a7-a6 anyway,but probably that is the place for a
queen.} 11. a4 {I am sure that a2-a4 is the most dangerous plan for black here.
} a6 (11... Be7 12. a5 {[%cal Ga5a6,Gd4b5] is unpleasant for black.}) 12. a5
Be7 (12... bxa5 $2 13. N2b3 Qxc4 (13... a4 14. Rxa4 Nb6 15. Na5 $1 Nxa4 16.
Qxa4+ Nd7 17. Nxb7 Qxb7 18. e5 d5 19. cxd5 exd5 20. e6 $18) 14. Nxa5 Qc7 15.
Nxb7 Qxb7 16. e5 Nd5 17. exd6 Bxd6 18. Nxe6 $18) 13. N2b3 $1 {My plan is to
put the knight on a5,there it will protect on c4 and put pressure on white
squares,so it's the only way to do it!} ({after} 13. axb6 $6 Nxb6 {the pawn on
c4 is under control,so i am not able to play Nd2-b3 here.}) 13... Rc8 {That is
the most logical move:black is freeing the spot on a8 for his bishop.} ({
There were a several games:} 13... g6 14. axb6 Nxb6 15. Na5 e5 16. Bh6 $1 Nfd7
17. b4 Bf8 18. Bxf8 Kxf8 19. Rc1 Nc8 20. c5 $16 {1-0 Boensch,U-Kveinys,A/
Germany 2002/EXT 2003 (39)}) (13... Nc5 14. axb6 Qxb6 15. Nxc5 dxc5 16. Nb3 Rd8
17. Qc2 O-O 18. Bd2 Rb8 19. Na5 Ba8 20. Bc3 $14 {1-0 Oms Pallise,J-Garcia
Padron,J/Salamanca 1998/EXT 99 (65)}) (13... Rd8 14. axb6 Nxb6 15. Na5 Ba8 16.
Nac6 $2 (16. b3 $14) 16... Bxc6 17. Nxc6 Qxc6 18. e5 Qxc4 19. exf6 Bxf6 $17 {
1-0 Boensch,U-Chuchelov,V/Berlin 1996/CBM 54 ext (33)}) 14. axb6 Nxb6 15. Na5
Ba8 16. Bd2 $146 {That is a novelty and quite not the best one! The bishop
should be on e3,so b2-b3 was useful anyway!} ({white has got a stable
advantage after:} 16. b3 Nfd7 17. Be3 O-O 18. Rc1 Rfe8 19. Re2 $14 {1-0 Huzman,
A-Har Zvi,R/Israel 1996/CBM 52 ext (36)}) 16... O-O 17. Rc1 Nfd7 {[%cal Gd7e5,
Gd7c5] Now i cannot play b2-b4,so it is clear that my 16th move was just a
loss of time.On the other hand,i should just prevent black's counterplay.} 18.
b3 $1 (18. b4 $6 Ne5 {[%csl Rc4,Rd3][%cal Ge5d3]} 19. Bf1 Qa7 $132) 18... Rfe8
({deserves attention is:} 18... Qc5 $5 19. Bc3 Rfd8 20. b4 Qc7 {and white's
bishop on c3 is not at the best position.}) 19. Be3 {Now the position is like
in Huzman-Har Zvi,but white a tempo dawn! Actully,white has a space advantage,
so this tempo may be not so important if black couldn't get a real counterplay.
} Qb8 20. b4 Nf6 $2 {That is a very serious mistake.Black must attack white's
pawn c4.} ({after} 20... Ne5 21. Qe2 (21. Qb3 Ng4 $132) 21... Na4 $1 {[%csl
Rb4]} 22. b5 (22. Qd2 Nb6) (22. Bd2 Nb2 $1 {[%csl Rc4,Rd3][%cal Gb2d3,Gb2c4]})
22... axb5 23. Nxb5 Nc5 {white's chanses are only slighty better.}) 21. b5 $1 {
[%cal Ga5c6] Thats the point! Black is not able to prevent the penetration of
Na5 on c6.} axb5 22. cxb5 d5 $4 {That is alreasy a decisive mistake in the
time trouble.} ({necessary was:} 22... Rxc1 23. Qxc1 Bf8 24. Ndc6 Qc7 $16 {
but black's position is very hard.}) 23. Ndc6 {Now black cannot avoid loss of
material.} Bxc6 24. Nxc6 Qb7 25. Bxb6 1-0

[Event "Bundesliga 0506"]
[Site "Germany"]
[Date "2005.11.13"]
[Round "4.2"]
[White "Macieja, Bartlomiej"]
[Black "Jenni, Florian"]
[Result "1-0"]
[WhiteElo "2592"]
[BlackElo "2502"]
[Annotator "Roiz,M"]
[PlyCount "55"]
[EventDate "2005.10.21"]
[EventType "team-tourn"]
[EventRounds "15"]
[EventCountry "GER"]
[SourceTitle "CBM 110"]
[Source "ChessBase"]
[SourceDate "2006.01.31"]
[SourceVersion "1"]
[SourceVersionDate "2006.01.31"]
[SourceQuality "1"]
[WhiteTeam "Wattenscheid"]
[BlackTeam "Godesberg"]
[WhiteTeamCountry "GER"]
[BlackTeamCountry "GER"]

1. d4 Nf6 2. Nf3 e6 3. c4 b6 4. g3 Ba6 5. b3 Bb4+ 6. Bd2 Be7 7. Nc3 {This move
gains some popularity nowadays, mainly due to Topalov's excellent victories!} (
7. Bg2 c6 8. Bc3 d5 9. Ne5 Nfd7 10. Nxd7 Nxd7 11. Nd2 O-O 12. O-O) 7... d5 {
Now the game transposes to a position which oftenly arises after 7.Bg2 d5 8.
cxd5 exd5 9.Nc3.} ({The alternatives are:} 7... O-O) ({and} 7... c6) 8. cxd5
exd5 9. Bg2 O-O 10. O-O c5 {Black is ready to play with seperated pawns. He
leaves the bishop at a6, since sometimes black can do without Ba6-b7,
controlling the a6-f1-diagonal. This continuation was successfully tried by
Rafael Vaganian. In fact, the following game shows a clear drawback of such a
provocative action!} ({The most common move in this position is:} 10... Bb7 {
[%cal Gb8a6] ,followed by Nb8-a6 or Nb8-d7. That theoretical lines are well
known.}) 11. Bg5 $1 {Taking control of the Nf6 - the main defender of the Pd5.}
({Another way of development is less principal:} 11. Bf4 Nc6 12. dxc5 bxc5 13.
Ne5 Nxe5 14. Bxe5 d4 15. Bxa8 Qxa8 16. Bxf6 Bxf6 17. Na4 d3 $132 {1/2-1/2
Tukmakov,V-Vaganian,R/Mazatlan 1988/EXT 97 (33)}) 11... Bb7 $6 {Now it's too
late! Black has no time for consolidating, so white gets a great advantage at
the early stage of the game!} ({I would prefer:} 11... Nbd7 $142 {intending to
meet} 12. Ne5 ({After} 12. dxc5 Nxc5 13. Rc1 Bb7 $14 {white has a permanent
strategical advantage, but black is quite solid.}) {with} 12... Bb7 13. Nxd7
Qxd7 14. dxc5 bxc5 15. Nxd5 Nxd5 16. Bxe7 Qxe7 17. Bxd5 Rfd8 18. e4 Bxd5 19.
exd5 Qb7 $14 {with a slighty worse but quite defensible position.}) 12. dxc5 $1
$146 {[%mdl 8] This natural tackle is a novelty! White immediately puts strong
pressure on the Pd5. In my opinion, the following game is a refutation of the
premature 10...c7-c5 advancement.} ({Nothing special promises:} 12. Rc1 Na6 13.
Qd3 Rc8 14. Rfd1 h6 15. Bf4 c4 16. bxc4 dxc4 17. Qc2 Nb4 $132 {1-0 Browne,
W-Peters,J/USA 1977/EXT 99 (36)}) 12... bxc5 ({Black cannot avoid loss of
material after:} 12... h6 13. Bxf6 Bxf6 14. Rc1 bxc5 15. Na4 $16 {[%csl Rc5]})
13. Nh4 $1 {[%csl Rd5][%cal Gh4f5] A very concrete play! Black cannot parry
all the threats now.} h6 $2 {Allowing a simple blow which leads to the loss of
the central pawn.} ({The same blow will follow after:} 13... Qd7 14. Nxd5 Nxd5
15. Bxe7 Qxe7 16. Bxd5 $16) ({The best choice may be:} 13... Bc6 14. Nf5 d4 15.
Nxe7+ Qxe7 16. Nd5 $16) {[%tqu "En","Please,find the strongest move.","","",
"c3d5","Now black doesn't get any compensation for a pawn.",10,"g5f6","",0]}
14. Nxd5 $1 {Now black doesn't get any compensation for the pawn.} ({Less
promised:} 14. Bxf6 Bxf6 15. Rc1 Bxc3 16. Rxc3 Na6 $14) 14... Nxd5 $2 {Black
chooses a less resistable continuation!} ({After} 14... hxg5 15. Nxf6+ Bxf6 16.
Bxb7 gxh4 17. Bxa8 Bxa1 18. Qxa1 $18 {white's position should be winning from
a technical point of view.}) ({But better looks:} 14... Bxd5 15. Bxf6 Bxg2 16.
Bxe7 Qxe7 17. Nxg2 Nc6 $16 {keeping some practical chances of survival due to
activity.}) 15. Bxe7 Qxe7 16. Bxd5 Rd8 {This pin is not effective, but I can
hardly recommend something better!} ({After} 16... Bxd5 17. Qxd5 Na6 18. Ng6 (
18. Qc4 $5 Qf6 19. Rad1 {[%csl Ra6]}) 18... Qd8 19. Qc4 Re8 20. Nf4 $18 {
black wouldn't have much hope as well.}) 17. Nf5 ({There is no reason for some
tactical tricks like:} 17. Ng6 $2 Qc7 18. Nf4 g5 19. Nh5 Bxd5 20. Nf6+ Kg7 21.
Nxd5 Qe5 22. e4 Qxe4 23. Nf6 Rxd1 24. Nxe4 Rxa1 25. Rxa1 Nd7 $14) 17... Qc7 {
Keeping the Bb7 protected.} ({Another retreat of the queen allowed:} 17... Qe5
18. Bxb7 Rxd1 19. Raxd1 Qxf5 20. Bxa8 Nd7 21. Rd5 Qe6 22. Rfd1 Nf6 23. Rd8+ Kh7
24. Bf3 $18) 18. e4 $18 {White has a decisive material and strategical
advantage!} Bxd5 {Now white gets a strong passed d-pawn, but black couldn't
live with the strong Bd5.} 19. exd5 {[%cal Gd1g4] Black's monarch needs
defensive resourses.} Qe5 20. Ne3 $6 {A very strange retreat. White's position
was ready for the final attack!} ({Much more convincing would be:} 20. Qg4 $142
{[%csl Rh6][%cal Gf5h6]} Kh7 21. Rfe1 Qf6 22. Ne7 $1 {(the black knight's
development at d7 should be prevented.)} a5 23. Rad1 Ra7 24. Qe4+ g6 25. Rd3
$18 {with a totally winning position.}) 20... Nd7 {At least black is able to
complete his development.} 21. Rc1 Rac8 ({Black could provide more resistance
by:} 21... a5 {intending to swap some queen-side pawns} 22. Qf3 a4 23. Nc4 Qg5
$16 {/+-}) 22. Qf3 Nb6 23. Rfd1 {Now white's heavy pieces are located ideally!}
Rc7 24. h4 {White is in no hurry - black has no counterplay at all.} Qe7 $2 {
The final blunder. Black allows white to occupy the f5-square with tempo!} ({
A passive 'waiting strategy' was necessary:} 24... Rd6 $142 25. Rd2 Kh8 {
I believe white's position remains winning, but he needs a concrete plan,
since black's position is solid.}) 25. Nf5 {Finally white's knight comes to f5
for the second time in the game, so the game ends very soon!} Qe5 ({After} 
25... Qf8 26. d6 Rcd7 27. Rxc5 $18 {white is just 2 pawns up, while black's
pieces are paralized.}) 26. d6 {This advancement decides the game. Black
cannot avoid an additional loss of material.} Rcd7 27. Ne7+ Kh7 (27... Kh8 28.
Nc6 $18 {[%csl Rd8,Re5][%cal Yc6d8,Yc6e5]}) 28. Nc6 {White wins an exchange,
so black resigns.} 1-0